El recurso de protección ante el derecho comparado

Gespeichert in:
Bibliographische Detailangaben
1. Verfasser: Paillas Peña, Enrique (autor)
Format: Buch
Sprache:Spanisch
Veröffentlicht: Santiago Jurídica de Chile 1990
Schlagworte:
Tags: Tag hinzufügen
Keine Tags, Fügen Sie den ersten Tag hinzu!

MARC

LEADER 00000nam a2200000 a 4500
001 UCV1423
003 CL-VaPUC
008 900612e19900000CL |||||||||||||||||spa|d
082 0 4 |a 342.08  |b PAI  |2 21 
100 |a Paillas Peña, Enrique  |e autor  |9 768803 
245 1 3 |a El recurso de protección ante el derecho comparado 
300 |a 130 p 
942 |c BK 
945 |d 19900612 00:00:00 
260 |a Santiago  |b Jurídica de Chile  |c 1990 
650 0 |a Recurso de protección   |9 255487 
650 0 |a Recurso de amparo  |9 256122 
583 |a last modification  |c 19900612 00:00:00  |k Rodrigo Vera 
999 |c 209381  |d 209379 
952 |0 0  |1 0  |4 0  |6 342_080000000000000_PAI_1990  |7 0  |8 A  |9 184751  |a BIBDER  |b BIBDER  |d 2019-11-14  |i 2520680  |o 342.08 PAI 1990  |p 2520680  |r 2023-01-25  |w 2019-11-14  |y BK  |k DER